Perspektivy uspokojování osobních hmotných potřeb v evropských zemích RVHP

Na minha lista:
Detalhes bibliográficos
Autor principal: Jalovec, Zbyněk
Formato: Livro
Idioma:tcheco
Publicado em: Praha Ústředí vědeckých, technických a ekonomických informací 1987
Tags: Adicionar Tag
Sem tags, seja o primeiro a adicionar uma tag!

MARC

LEADER 00000nam a2200000 4500
001 c028587
005 20251204074517.6
041 0 |a cze 
044 |a CZ 
245 1 0 |a Perspektivy uspokojování osobních hmotných potřeb v evropských zemích RVHP  |c Zbyněk Jalovec 
264 1 |a Praha  |b Ústředí vědeckých, technických a ekonomických informací  |c 1987 
300 |a 60 s. 
100 1 |a Jalovec, Zbyněk